LEADER 00942nam0-22003371i-450- 001 990008110580403321 005 20080214110324.0 010 $a88-359-4334-5 035 $a000811058 035 $aFED01000811058 035 $a(Aleph)000811058FED01 035 $a000811058 100 $a20050511d1998----km-y0itay50------ba 101 0 $aita 102 $aIT 105 $aa-------001yy 200 1 $aManuale della valutazione$eanalisi degli apprendimenti$fBenedetto Vertecchi 205 $a2. ed. 210 $aRoma$cEditori riuniti$d1998 215 $a245 p.$cill.$d20 cm 225 1 $aBiblioteca tascabile 610 0 $aAlunni$aValutazione 676 $a371.2 700 1$aVertecchi,$bBenedetto$0126901 801 0$aIT$bUNINA$c20050511$gRICA$2UNIMARC 901 $aBK 912 $a990008110580403321 952 $aP.1 DID 169$bBibl. 51591$fFLFBC 959 $aFLFBC 996 $aManuale della valutazione$9261393 997 $aUNINA LEADER 01352nam a22003011i 4500 001 991000388869707536 005 20040824133804.0 008 040920s2000 it ita 020 $a8846424069 035 $ab13213490-39ule_inst 035 $aARCHE-115973$9ExL 040 $aSet. Economia$bita$cA.t.i. Arché s.c.r.l. Pandora Sicilia s.r.l. 082 04$a658.4072 100 1 $aAchard, Paola Olimpia$0117811 245 10$aPartecipazione finanziaria e incentivazione del management :$ble stock options /$cPaola O. Achard, Valentina Castello 260 $aMilano :$bF. Angeli,$cc2000 300 $a135 p. ;$c23 cm 490 $aAzienda moderna 650 4$aCompartecipazione agli utili 650 4$aDirigenti aziendali$xIncentivi 700 1 $aCastello, Valentina$eauthor$4http://id.loc.gov/vocabulary/relators/aut$0542669 907 $a.b13213490$b16-05-19$c23-09-04 912 $a991000388869707536 945 $aLE025 ECO 658.4 ACH01.01$g1$i2025000161764$lle025$nCatalogato 2019$o-$pE0.00$q-$rl$s- $t0$u1$v0$w1$x0$y.i13868895$z23-09-04 945 $aLE025 ECO 658.4 ACH01.01$g2$i2025000161818$lle025$nCatalogato 2019$o-$pE0.00$q-$rl$s- $t0$u3$v1$w3$x0$y.i13868883$z23-09-04 996 $aPartecipazione finanziaria e incentivazione del management$9880134 997 $aUNISALENTO 998 $ale025$b23-09-04$cm$da $e-$fita$git $h0$i2